LEADER 01038nam0 2200289 i 450 001 996235149303316 005 20171023145716.0 010 $a978-88-14-22138-5 100 $a20171023d2017----km y0itay5003 ba 101 $aita 102 $aIT 105 0 $ay 00 y 200 1 $aDalla smart city alla human smart city e oltre$eprofili epistemologici e giuspolitici nello sviluppo del paradigma smartness oriented$fSivlio Bolognini 210 $aMilano$cGiuffrè$d2017 215 $aVI, 313 p.$d24 cm 225 2$aScienza giuridica e politiche del diritto$v2 410 0$aScienza giuridica e politiche del diritto$v, 2 606 0 $aCittà$xPianificazione$xImpiego [delle] Tecniche digitali [e della] Politica ambientale$2BNCF 676 $a307.1216 700 1$aBOLOGNINI,$bSilvio$0299196 801 0 $aIT$bsalbc$gISBD 912 $a996235149303316 951 $aXXIV.3.P. 881$b85815 G.$cXXIV.3.P.$d403120 959 $aBK 969 $aGIU 996 $aDalla smart city alla human smart city e oltre$91491545 997 $aUNISA